000 01635nam a2200337 i 4500
001 196516
003 ES-MaACL
005 20241013063048.0
007 ta
008 241004b1976 sp ||||| |||| 00| 0 spa d
040 _bspa
_cES-MaACL
_dES-MaACL
245 _aHomenaje a Miguel Hernández /
_cAgustín Sánchez Vidal, [José Luis Alegre], [Antonio Buero Vallejo]
260 _aZaragoza :
_bCulturales de Derecho y Comisión de jóvenes de Casablanca (colabora seminario de estudios aragoneses),
_c1976
300 _a35 h.;
_c30 cm
336 _2rdacontent
_atexto
337 _2rdamedia
_asin mediación
338 _2rdacarrier
_avolumen
500 _aEjemplar mecanografiado con impresión a una sola cara
600 1 4 _962848
_aHernández, Miguel,
_d1910-1942-
_vHomenajes
655 7 _2tgfbne
_9176539
_aPoesías
655 7 _2tgfbne
_9226850
_aHomenajes
700 0 _9102983
_aSánchez Vidal, Agustín
_eaut
700 0 _919668
_aAlegre Cudós, José Luis,
_d1951-2022
_eaut
700 1 _932421
_aBuero Vallejo, Antonio,
_d1916-2000
_eaut
852 _aES-MaACL
_cDEPOF
_jFOLL-BUE-18
_hLegado: Antonio Buero Vallejo
_9204229
_gDedicatoria manuscrita de las Comisiones Culturales de la Facultad de Derecho y los Jóvenes de Casablanca, para Antonio Buero Vallejo : "A antonio buero vallejo, maestro en la lucha por la libertad. Comisión culturales F. de derecho. Zaragoza·.
903 _932421
_aBuero Vallejo, Antonio,
_q1
_d1916-2000
_ednr
942 _n0
_cFOLLETOS
999 _c196516
_d196516